[Event "Challenge"]
[Site "http://www.queenalice.com/game.php?id=1766454"]
[Date "2021.8.8"]
[Round "-"]
[White "StenioVS"]
[Black "Dzzagor"]
[Result "1-0"]
[WhiteElo "2126"]
[BlackElo "1768"]

1. Nf3 Nf6 2. g3 g6 3. Bg2 Bg7 4. O-O O-O 5. d3 d6 6. e4 e5 7. Nbd2 Nc6 8. c3
Bd7 9. Qe2 Qc8 10. b4 Bh3 11. Ng5 Bxg2 12. Kxg2 h6 13. Nh3 Ne7 14. c4 a5 15. b5
Nh7 16. f3 f5 17. Nf2 Qe6 18. g4 f4 19. Rh1 Bf6 20. Bb2 Bh4 21. Nd1 Ng5 22. Nc3
Kf7 23. a4 Rh8 24. Nd5 Nxd5 25. cxd5 Qd7 26. Rac1 h5 27. h3 Rh7 28. d4 Qe7 29.
dxe5 dxe5 30. Nc4 hxg4 31. Nxe5+ Qxe5 32. Bxe5 gxf3+ 33. Qxf3 Nxf3 34. Kxf3 1-0

[Event "Challenge"]
[Site "http://www.queenalice.com/game.php?id=1766455"]
[Date "2021.8.8"]
[Round "-"]
[White "Dzzagor"]
[Black "StenioVS"]
[Result "1-0"]
[WhiteElo "1873"]
[BlackElo "2123"]

1. e4 g6 2. Nf3 Bg7 3. Bc4 e6 4. O-O Ne7 5. Bb3 O-O 6. d3 c5 7. c3 Nbc6 8. Be3
b6 9. Nbd2 d5 10. Rc1 Ba6 11. exd5 exd5 12. Nb1 Nf5 13. Bf4 Qd7 14. Re1 Rad8 15.
Ne5 Qc8 16. d4 c4 17. Bc2 Nfe7 18. Nd2 Nxe5 19. Bxe5 Nc6 20. Bxg7 Kxg7 21. Nf3
f6 22. h3 Qc7 23. Qd2 Rde8 24. Nh2 Re7 25. Ng4 Kh8 26. Qh6 Rxe1+ 27. Rxe1 Qg7
28. Qf4 Qd7 29. Qh6 Qg7 30. Qe3 Bc8 31. Nh2 Bd7 32. Qg3 Bc8 33. Ba4 Qd7 34. Qe3
Rf7 35. Bxc6 Qxc6 36. Qe8+ Qxe8 37. Rxe8+ 1-0

[Event "Escorpión"]
[Site "http://www.queenalice.com/game.php?id=1768008"]
[Date "2021.8.26"]
[Round "1"]
[White "Dzzagor"]
[Black "Esvir"]
[Result "1-0"]
[WhiteElo "1850"]
[BlackElo "1941"]

1. e4 e5 2. Nf3 d6 3. d4 exd4 4. Nxd4 c5 5. Nf3 Bg4 6. Bc4 h6 7. e5 Qd7 8. exd6
Bxd6 9. O-O Nf6 10. Re1+ Be6 11. Qe2 Nc6 12. Bxe6 fxe6 13. Qxe6+ Qxe6 14. Rxe6+
Be7 15. Nc3 O-O 16. Re1 Rae8 17. a3 a6 18. Bd2 b5 19. Ne2 Ne4 20. Be3 a5 21. Ng3
Nxg3 22. hxg3 c4 23. Nd4 Nxd4 24. Bxd4 Kh7 25. Re5 Bf6 26. Rxe8 Rxe8 27. Bxf6
gxf6 28. Kf1 Kg6 29. Rd1 Re5 30. Rd4 h5 31. a4 Kf5 32. c3 bxa4 33. Rxc4 Rb5 34.
Rxa4 Rxb2 35. Rxa5+ Ke4 36. Rxh5 Kd3 37. Kg1 Kxc3 38. Rf5 1-0

[Event "Let's Play Chess!"]
[Site "http://www.queenalice.com/game.php?id=1768534"]
[Date "2021.9.2"]
[Round "-"]
[White "e4d4sf3"]
[Black "Dzzagor"]
[Result "1-0"]
[WhiteElo "2115"]
[BlackElo "1857"]

1. d4 Nf6 2. c4 g6 3. Nc3 Bg7 4. e4 O-O 5. f3 d6 6. Be3 e5 7. Nge2 Nbd7 8. Qd2
Re8 9. O-O-O c6 10. g4 h5 11. h3 a6 12. Bg2 b5 13. cxb5 axb5 14. a3 Qa5 15. Nb1
Qxd2+ 16. Rxd2 Nb6 17. dxe5 Nc4 18. exf6 Nxe3 19. fxg7 Nxg2 20. Rxd6 b4 21. gxh5
Kxg7 22. hxg6 fxg6 23. h4 Ba6 24. Nd4 Nf4 25. h5 Nxh5 26. Rg1 Nf4 27. Rg4 Rf8
28. Nf5+ Kh7 29. Rxf4 gxf5 30. exf5 Rg8 31. Rh4+ Kg7 32. Rg6+ Kf8 33. Rxg8+ Kxg8
34. Rxb4 Kf7 35. Rb6 c5 36. Nc3 Bc8 37. f6 Be6 38. Ne4 Bd5 39. Rd6 Bxe4 40. fxe4
Re8 41. Rc6 Rxe4 42. Rxc5 Kxf6 43. Kc2 Ke6 44. Kc3 Kd6 45. Rc4 Re8 46. a4 Kd5
47. b3 Ra8 48. Kb4 Rb8+ 49. Ka3 Rb7 50. Rc1 Rb8 51. b4 1-0

[Event "Challenge"]
[Site "http://www.queenalice.com/game.php?id=1769803"]
[Date "2021.9.13"]
[Round "-"]
[White "cristal_negro"]
[Black "Dzzagor"]
[Result "0-1"]
[WhiteElo "1792"]
[BlackElo "1902"]

1. g3 d5 2. Bg2 Nf6 3. d3 e5 4. e4 dxe4 5. Nc3 Bg4 6. f3 exf3 7. Bxf3 Qd7 8. Qe2
Bd6 9. Bd2 Nc6 10. h3 Nd4 11. Qd1 Bxf3 12. Nxf3 O-O 13. Ne4 Nxe4 14. dxe4 f5 15.
Nxd4 exd4 16. Bf4 Bxf4 17. gxf4 fxe4 18. Qe2 d3 19. cxd3 exd3 20. Qd2 Rae8+ 21.
Kd1 Re2 22. Qc3 Qa4+ 23. b3 Qe4 24. Qc4+ Qxc4 25. bxc4 Rxf4 26. Rb1 Rff2 27. Rb3
Rxa2 28. Ke1 Rfe2+ 29. Kd1 Ra1+ 0-1

[Event "Escorpión"]
[Site "http://www.queenalice.com/game.php?id=1772984"]
[Date "2021.10.23"]
[Round "2"]
[White "francisc059"]
[Black "Dzzagor"]
[Result "0-1"]
[WhiteElo "1946"]
[BlackElo "1932"]

1. e4 c5 2. Nc3 Nc6 3. f4 d6 4. Nf3 g6 5. Bc4 Bg7 6. d3 a6 7. a3 Bg4 8. O-O e6
9. Be3 Nge7 10. Qe1 O-O 11. Qg3 Bxf3 12. Rxf3 d5 13. exd5 exd5 14. Ba2 d4 0-1

[Event "AUTO-OPEN-4294"]
[Site "http://www.queenalice.com/game.php?id=1774962"]
[Date "2021.11.16"]
[Round "2"]
[White "silverhawks"]
[Black "Dzzagor"]
[Result "0-1"]
[WhiteElo "2249"]
[BlackElo "2006"]

1. e4 c5 2. Bc4 e6 3. Nf3 a6 4. O-O b5 5. Be2 Bb7 6. d3 d6 7. Bf4 Nc6 8. Nc3 Qc7
9. d4 cxd4 10. Nb1 Nf6 11. Nbd2 Be7 12. a4 b4 13. Bc4 Na5 14. Bd3 e5 15. Bg5 O-O
16. Re1 h6 17. Bh4 Rac8 18. h3 Bc6 19. Bxa6 Ra8 20. Bb5 Bb7 21. Bg3 Rac8 22. Bd3
g5 23. Nh2 Kg7 24. h4 Nh7 25. Nb3 Nxb3 26. cxb3 Qd7 27. Qd2 gxh4 28. Bf4 exf4
29. Qxb4 Bf6 30. Ng4 Qxg4 31. Qxb7 f3 32. Bf1 Be5 33. Qb5 Ng5 34. Kh1 Qf4 35. g3
hxg3 36. fxg3 Qxg3 37. Re2 fxe2 38. Qxe2 d3 39. Qh5 Rc2 0-1

[Event "AUTO-OPEN-4294"]
[Site "http://www.queenalice.com/game.php?id=1774963"]
[Date "2021.11.16"]
[Round "2"]
[White "Dzzagor"]
[Black "silverhawks"]
[Result "1-0"]
[WhiteElo "2040"]
[BlackElo "2230"]

1. c4 c6 2. d4 d5 3. Nc3 Be6 4. e4 dxc4 5. d5 cxd5 6. exd5 Bf5 7. Bxc4 Nf6 8.
Qe2 Na6 9. Bxa6 bxa6 10. Qc4 a5 11. Bg5 Rc8 12. Qf4 Qd7 13. Nf3 Nxd5 14. Nxd5
Qxd5 15. O-O Bc2 16. Rfc1 h6 17. Qh4 Rc4 18. Qg3 hxg5 19. Qb8+ Kd7 20. Ne5+ Ke6
21. Nxc4 Qxc4 22. Re1+ Kf6 23. Qe5+ Kg6 24. Rac1 a4 25. Re2 Rh5 26. Rexc2 Qxa2
27. g4 Rh3 28. Rc8 e6 29. Rxf8 Qd5 30. Qxd5 exd5 31. Rd1 Rb3 32. Rd2 Rb4 33. h3
Rb3 34. Kg2 f6 35. Rd8 a3 36. bxa3 Rxa3 37. R2xd5 Kh7 38. Ra8 a6 39. Rd7 Ra5 40.
Raa7 Kh6 41. Rxg7 f5 42. Rgc7 1-0

[Event "Blues"]
[Site "http://www.queenalice.com/game.php?id=1775039"]
[Date "2021.11.17"]
[Round "-"]
[White "Dzzagor"]
[Black "bobifixer"]
[Result "1-0"]
[WhiteElo "2117"]
[BlackElo "2055"]

1. e4 c5 2. Nf3 d6 3. d4 cxd4 4. Nxd4 Nf6 5. Nc3 e6 6. Bc4 a6 7. Bb3 Be7 8. O-O
O-O 9. Be3 b5 10. a3 Bb7 11. f3 Nbd7 12. Qe1 Rc8 13. Qg3 Kh8 14. Bxe6 Qe8 15.
Ba2 Ne5 16. Nf5 Rg8 17. Rad1 Nc4 18. Bxc4 Rc6 19. Ba2 Rc4 20. Bxc4 bxc4 21. Nxe7
Qxe7 22. Qxd6 Qe8 23. g4 h6 24. h4 Qc8 25. Qf4 Re8 26. Rd6 Re7 27. Rfd1 Rd7 28.
Rxd7 Nxd7 29. Qd6 Nf6 30. Qd8+ Qxd8 31. Rxd8+ Kh7 32. Rb8 Bc6 33. Rb6 Bb5 34.
Nxb5 axb5 35. Rxb5 1-0

[Event "Escorpión"]
[Site "http://www.queenalice.com/game.php?id=1776419"]
[Date "2021.12.7"]
[Round "3"]
[White "Dzzagor"]
[Black "Archer"]
[Result "1-0"]
[WhiteElo "2004"]
[BlackElo "1657"]

1. d4 e6 2. c4 Nc6 3. Nf3 d5 4. a3 dxc4 5. Nc3 Nh6 6. e4 Na5 7. Ne5 f6 8. Nxc4
Nxc4 9. Bxc4 a6 10. Bxh6 gxh6 11. Qh5+ Ke7 12. O-O Qxd4 13. Ba2 b5 14. Rfe1 c5
15. Rad1 Qe5 16. Nd5+ Kd7 17. Nxf6+ Kc6 18. Qxe5 Bg7 19. Qd6+ Kb7 20. Nd7 Bxd7
21. Qxd7+ Kb6 22. Rd6+ Ka5 23. Qc7+ Ka4 24. Qxc5 a5 25. b3# 1-0

[Event "AUTO-INT-3687"]
[Site "http://www.queenalice.com/game.php?id=1776499"]
[Date "2021.12.8"]
[Round "2"]
[White "Nigel68"]
[Black "Dzzagor"]
[Result "0-1"]
[WhiteElo "1826"]
[BlackElo "2032"]

1. e4 e6 2. e5 d5 3. c4 d4 4. d3 Nc6 5. Qa4 Bd7 6. Nf3 Nxe5 7. Qb3 Nxf3+ 8. gxf3
Bc6 9. Be2 Qf6 10. Qd1 Bd6 11. Bd2 a5 12. Na3 Ne7 13. Qb3 Bxf3 14. Bxf3 Qxf3 15.
Rf1 O-O 16. Nb5 Bxh2 17. Nxd4 Qg4 18. Ne2 Nf5 19. Qxb7 Rab8 20. Qa6 Rxb2 21.
Qxa5 Rfb8 22. Qc3 Nh4 23. Kd1 Nf3 24. Bc1 Be5 25. Qa3 Rxe2 26. Rb1 Rd8 27. Kxe2
Nd4+ 28. Kd2 Qe2+ 0-1

[Event "AUTO-INT-3687"]
[Site "http://www.queenalice.com/game.php?id=1776500"]
[Date "2021.12.8"]
[Round "2"]
[White "Dzzagor"]
[Black "Nigel68"]
[Result "1-0"]
[WhiteElo "1994"]
[BlackElo "1846"]

1. Nf3 c6 2. g3 d6 3. Bg2 b6 4. O-O e6 5. d3 Be7 6. c4 Nf6 7. Nc3 O-O 8. b3 a5
9. Bb2 h6 10. Qd2 Bd7 11. Rfd1 Na6 12. d4 Qc7 13. Rac1 Nb8 14. a3 Ra6 15. d5 Rd8
16. Nd4 Ng4 17. dxc6 Bg5 18. f4 e5 19. Ndb5 1-0

[Event "Let's Play Chess!"]
[Site "http://www.queenalice.com/game.php?id=1782503"]
[Date "2022.2.10"]
[Round "-"]
[White "Dzzagor"]
[Black "NimbleKnight"]
[Result "1-0"]
[WhiteElo "2127"]
[BlackElo "2135"]

1. c4 e5 2. Nf3 Nc6 3. d4 exd4 4. Nxd4 Bc5 5. Nb3 Bb4+ 6. N1d2 Nf6 7. a3 Be7 8.
e4 d6 9. Bd3 Ne5 10. Be2 Bd7 11. h3 Bc6 12. Qc2 b6 13. Nd4 Bb7 14. Nf5 O-O 15.
b3 1-0

[Event "Escorpión"]
[Site "http://www.queenalice.com/game.php?id=1785245"]
[Date "2022.3.20"]
[Round "5"]
[White "Dzzagor"]
[Black "mdfran72"]
[Result "1-0"]
[WhiteElo "2139"]
[BlackElo "1661"]

1. c4 g6 2. Nc3 Bg7 3. g3 Nf6 4. Bg2 O-O 5. e4 e5 6. Nge2 c6 7. d3 d6 8. O-O Na6
9. Kh1 Be6 10. f4 exf4 11. Nxf4 Nc7 12. h3 g5 13. Nh5 h6 14. Nxf6+ Bxf6 15. Qh5
Kg7 16. Be3 Rh8 17. Rf2 Ne8 18. Raf1 a5 19. Rxf6 Nxf6 20. Bd4 b6 21. Bxf6+ Qxf6
22. Rxf6 Kxf6 23. e5+ dxe5 24. Bxc6 Rad8 25. Bd5 Ke7 26. Qe2 f6 27. Qe3 Rb8 28.
d4 Bxd5+ 29. Nxd5+ Ke6 30. dxe5 fxe5 31. Nxb6 Rhf8 32. Kg2 Rb7 33. Qc5 Rbf7 34.
Qc6+ Kf5 35. g4+ 1-0